| 000 | 00874nas a2200265 4500 | ||
|---|---|---|---|
| 001 | BR2012004002 | ||
| 003 | BR-BrBNA | ||
| 005 | 20231205120658.0 | ||
| 007 | ta | ||
| 008 | 230509b bl.|||p| |||| 00| 00por d | ||
| 040 |
_aBR-BrBNA _bpor _cBiblioteca Nacional de Agricultura |
||
| 041 | _a(Pt) | ||
| 072 | _aF02; J11 | ||
| 100 | 1 | _aCampagnolo, M.A. | |
| 100 | 1 | _aPio, R. | |
| 245 | 1 | _aEnraizamento de estacas caulinares e radiculares de cultivares de amoreira-preta coletadas em diferentes épocas, armazenadas a frio e tratadas com AIB | |
| 650 | _aAMORA PRETA | ||
| 650 | _aENRAIZAMENTO DE ESTACA | ||
| 650 | _aVARIEDADE | ||
| 650 | _aARMAZENAMENTO | ||
| 650 | _aÁCIDO INDOLBUTÍRICO | ||
| 773 | 0 |
_tCiência Rural (Brazil) _xISSN 0103-8478 _g(Feb 2012), v. 42(2) p. 232-237 _wBR2012004002 |
|
| 909 |
_a202311 _bLúcia _c55 _dLúcia Elande |
||
| 942 |
_2AGRIS _n0 _cANA |
||
| 999 |
_c219731 _d219731 |
||